Arid environments and wind erosion (Record no. 67785)
[ view plain ]
| 000 -LEADER | |
|---|---|
| fixed length control field | 01386nam a2200349Ia 4500 |
| 082 04 - DEWEY DECIMAL CLASSIFICATION NUMBER | |
| Classification number | 577.54 |
| 245 00 - TITLE STATEMENT | |
| Title | Arid environments and wind erosion |
| 260 ## - PUBLICATION, DISTRIBUTION, ETC. (IMPRINT) | |
| Place of publication | New York : |
| Name of publisher | Nova Science Publishers, |
| Year of publication | c2009. |
| 300 ## - PHYSICAL DESCRIPTION | |
| Number of Pages | xvi, 394 p. : |
| Other physical details | ill. (some col.), maps (chiefly col.) |
| 650 #0 - SUBJECT ADDED ENTRY--TOPICAL TERM | |
| Topical Term | Arid regions ecology. |
| Topical Term | Revegetation. |
| Topical Term | Reclamation of land. |
| 700 1# - ADDED ENTRY--PERSONAL NAME | |
| Personal name | Fernandez-Bernal, Antonio. |
| Personal name | De la Rosa, Mauricio Alberto. |
| 856 40 - ELECTRONIC LOCATION AND ACCESS | |
| Uniform Resource Identifier | http://site.ebrary.com/lib/rucke/Doc?id=10660448 |
No items available.
